El secreto bancario: sobre su fundamento, legislación y jurisprudencia
Furkejuvvon:
| Váldodahkki: | |
|---|---|
| Materiálatiipa: | Girji |
| Giella: | espánnjágiella |
| Almmustuhtton: |
Santiago
Jurídica de Chile
1990
|
| Fáttát: | |
| Fáddágilkorat: |
Lasit fáddágilkoriid
Eai fáddágilkorat, Lasit vuosttaš fáddágilkora!
|
MARC
| LEADER | 00000nam a2200000 a 4500 | ||
|---|---|---|---|
| 001 | UCV2593 | ||
| 003 | CL-VaPUC | ||
| 008 | 920903e19900000CL |||||||||||||||||spa|d | ||
| 082 | 0 | 4 | |a 346.082 |b VER |2 21 |
| 100 | 0 | |a Vergara Blanco, Alejandro |e author |9 296857 | |
| 245 | 1 | 3 | |a El secreto bancario: sobre su fundamento, legislación y jurisprudencia |
| 300 | |a 226 p | ||
| 942 | |c BK | ||
| 945 | |d 19920903 00:00:00 | ||
| 260 | |a Santiago |b Jurídica de Chile |c 1990 | ||
| 650 | 7 | |a COMUNICACIONES CONFIDENCIALES BANCARIAS |2 CL-VaPUC |9 258029 | |
| 651 | 7 | |a CHILE |2 CL-VaPUC |9 296858 | |
| 583 | |a last modification |c 19920903 00:00:00 |k Rodrigo Vera | ||
| 999 | |c 210122 |d 210120 | ||
| 952 | |0 0 |1 0 |4 0 |6 346_082000000000000_VER_1990 |7 0 |8 A |9 186157 |a BIBDER |b BIBDER |d 2019-11-14 |i 253620K |o 346.082 VER 1990 |p 253620K |r 2023-01-25 |w 2019-11-14 |y BK |k DER | ||